000 01310cam a22002294a 4500
005 20250605163937.0
008 250528s ||||||||||||||||||||||||d
035 _a14918
020 _a256026041
040 _aGR-AtMCL
_bgre
_dGR-AtMCL
_eAACR2
245 1 _aStudent Workbook to Accompany Business Laws and the Regulatory Environment / Concept and Cases
250 _a5th
260 _bIrwin Mcgraw-Hill,
_c1982
300 _a226
520 _aThe Nature of Law and Its Development, Courts and Procedures, Crimes, Intentional Torts, Negligence and Strict Liability, Introduction, Offer, Acceptance, Reality of Consent, Consideration, Capacity of Parties, Illegality, Writing, Rights of Third Parties, Performance, Relation of Principal and Agent, Creation of Partnerships, Operation of Partnerships, Dissolution and Winding Up, Limited Partnerships and Related Forms, Nature of Corporations, Operating the Coorporation, The Close Coorporation, Securities Regulation, Personal Property, Bailments, Real Property, Landlord Tenant, Estates and Trusts, Product Liability, Liability of Parties, Bankrupty, The Sherman Act, Environmental Law.
700 1 _aDundas Jane Mary
_9717
700 1 _aLusk Harold F
_9718
700 1 _aScaletta J. Philip
_9719
942 _cBK
999 _c528
_d528